000 00683nam a22002417a 4500
001 BINCO
003 CO-MdBIC
005 20220420164204.0
008 220411b1995 ve a|||| |||| 00| 0 spa d
020 _a9802570494
040 _a CO-MdBIC
_bspa.
_cCO-MdBIC
_d CO-MdBIC
041 _aspa
082 _222
_a464.863
_bR771
100 _a Rondón, Javier
245 _aEl sapo distraído
_c/ Rondón, Javier, escritor
260 1 _aCaracas, Venezuela:
_bEkaré,
_c[1995]
260 4 _a©1995
300 _a21 paginas;
_bilustraciones a color:
_c23 cm.
490 _aponte poronte
650 7 _9100
_aEducación infantil
700 _aMarcela Cabrera
_eilustradora
942 _cLGB
999 _c67729
_d67729